| 000 | 00580nam a2200193Ia 4500 | ||
|---|---|---|---|
| 003 | GCL | ||
| 008 | 140319s9999 xx 000 0 ara d | ||
| 040 |
_aGCL / _cGCL |
||
| 082 | 0 | 4 |
_a070.49 _bم ص |
| 100 | 1 | _aمحمود ادهم | |
| 245 | 1 | 0 |
_aالصورة الصحفية: دراسة فى المصادر والمؤثرات / _cمحمود ادهم |
| 300 | _a206 ص | ||
| 490 |
_aدراسات فى الصحافة المصورة _v0 |
||
| 650 | 0 | 4 | _aالصحافة |
| 650 | 0 | 4 | _aالصور |
| 650 | 0 | 4 | _aالصحف |
| 650 | 0 | 4 | _aالتصوير الصحفى |
| 942 |
_2ddc _cBK |
||
| 999 |
_c48332 _d48332 |
||